Christmas donkey (The)/ (Record no. 103742)
[ view plain ]
| 000 -LEADER | |
|---|---|
| fixed length control field | 00506nam a2200169 a 4500 |
| 005 - DATE AND TIME OF LATEST TRANSACTION | |
| control field | 20140412111307.0 |
| 008 - FIXED-LENGTH DATA ELEMENTS--GENERAL INFORMATION | |
| fixed length control field | 010503s19uu xx 00 eng d |
| 020 ## - INTERNATIONAL STANDARD BOOK NUMBER | |
| International Standard Book Number | 0-307-04600-1 |
| 050 ## - LIBRARY OF CONGRESS CALL NUMBER | |
| Classification number | TR(PS E |
| Item number | Ch46 1984 |
| 100 ## - MAIN ENTRY--PERSONAL NAME | |
| Personal name | Taylor, T. William |
| 245 ## - TITLE STATEMENT | |
| Title | Christmas donkey (The)/ |
| Statement of responsibility, etc | by T. William Taylor; illustrated by Andrea Brooks. |
| 260 ## - PUBLICATION, DISTRIBUTION, ETC. (IMPRINT) | |
| Place of publication, distribution, etc | New York : |
| Name of publisher, distributor, etc | A Golden Book, |
| Date of publication, distribution, etc | 1984. |
| 300 ## - PHYSICAL DESCRIPTION | |
| Extent | 1v. (unp.) ; ill. |
| 650 ## - SUBJECT ADDED ENTRY--TOPICAL TERM | |
| Topical term or geographic name as entry element | Christmas--Fiction |
| 650 ## - SUBJECT ADDED ENTRY--TOPICAL TERM | |
| Topical term or geographic name as entry element | Children stories |
| Withdrawn status | Lost status | Damaged status | Use restrictions | Home library | Current library | Shelving location | Date acquired | Source of acquisition | Total Checkouts | Full call number | Barcode | Date last seen | Price effective from | Koha item type |
|---|---|---|---|---|---|---|---|---|---|---|---|---|---|---|
| Elizalde Library | Elizalde Library | Teachers Reference Section | 05/03/2001 | TR(PS E Ch46 1984 | E5806 | 04/12/2014 | 04/12/2014 | Books |